| 000 | 00359nam a22001457a 4500 | ||
|---|---|---|---|
| 003 | SGT | ||
| 082 |
_a615.05 _bI22M |
||
| 100 | _aMARATHA, SUSHMA | ||
| 245 | _aInvestigation Of Some Enzyme Modulators For their Antidepressant Potential | ||
| 260 |
_aGURUGRAM _bSGT UNIVERSITY _c2022 |
||
| 300 | _a102 | ||
| 650 | _aPHARMACY | ||
| 653 | _aPHD | ||
| 942 |
_2ddc _cTH |
||
| 999 |
_c26480 _d26480 |
||